<?xml version="1.0" encoding="UTF-8"?>
<record
    xmlns:xsi="http://www.w3.org/2001/XMLSchema-instance"
    xsi:schemaLocation="http://www.loc.gov/MARC21/slim http://www.loc.gov/standards/marcxml/schema/MARC21slim.xsd"
    xmlns="http://www.loc.gov/MARC21/slim">

  <leader>02479    a2200253   4500</leader>
  <controlfield tag="001">13823</controlfield>
  <controlfield tag="005">20260407155444.0</controlfield>
  <controlfield tag="008">260407a1997    arg                 spa d</controlfield>
  <controlfield tag="003">AR-UNSa-BCEJYS</controlfield>
  <datafield tag="040" ind1=" " ind2=" ">
    <subfield code="a">AR-UNSa-BCEJYS</subfield>
    <subfield code="b">spa</subfield>
    <subfield code="c">AR-UNSa-BCEJYS</subfield>
  </datafield>
  <datafield tag="080" ind1=" " ind2=" ">
    <subfield code="a">342.9</subfield>
    <subfield code="x">Derecho Administrativo</subfield>
  </datafield>
  <datafield tag="245" ind1="1" ind2="0">
    <subfield code="a">Manual de derecho administrativo</subfield>
  </datafield>
  <datafield tag="020" ind1=" " ind2=" ">
    <subfield code="a">950-21-1232-6</subfield>
  </datafield>
  <datafield tag="250" ind1=" " ind2=" ">
    <subfield code="a">6a. ed.</subfield>
  </datafield>
  <datafield tag="264" ind1=" " ind2="1">
    <subfield code="a">Buenos Aires :</subfield>
    <subfield code="b">Plus Ultra</subfield>
    <subfield code="c">1997</subfield>
  </datafield>
  <datafield tag="300" ind1=" " ind2=" ">
    <subfield code="a">589 p.</subfield>
    <subfield code="c">22 cm.</subfield>
  </datafield>
  <datafield tag="505" ind1=" " ind2=" ">
    <subfield code="a">1. De los servicios p&#xFA;blicos 2. Del usuario del servicio p&#xFA;blico - 3. Concesi&#xF3;n de servicios p&#xFA;blicos - 4. Del deber p&#xFA;blico de prestaci&#xF3;n de los administrados - 5. La funci&#xF3;n p&#xFA;blica civil. El funcionario p&#xFA;blico - 6. Del ingreso a la funci&#xF3;n p&#xFA;blica - 7. De los deberes de los funcionarios p&#xFA;blicos - 8. Del r&#xE9;gimen disciplinario de los funcionarios p&#xFA;blicos - 9. Derechos de los funcionarios p&#xFA;blicos - 10. Extinci&#xF3;n de la relaci&#xF3;n personal - 11. De los funcionarios de hecho - 12. Polic&#xED;a del Estado - 13. Medios de polic&#xED;a administrativa - 14. De las contravenciones y penas de polic&#xED;a - 15. De la actividad administrativa - 16. R&#xE9;gimen administrativo de la propiedad privada - 17. Restricciones y servidumbres administrativas - 18. De la ocupaci&#xF3;n temporal - 19. La expropiaci&#xF3;n por causa de utilidad p&#xFA;blica - 20. Requisa y comiso - 21. Bienes del Estado - 22. Concepto de dominio p&#xFA;blico - 23. El r&#xE9;gimen jur&#xED;dico especial del dominio p&#xFA;blico - 24. De la creaci&#xF3;n y extinci&#xF3;n del dominio p&#xFA;blico - 25. Utilizaci&#xF3;n del dominio p&#xFA;blico - 26. De la delimitaci&#xF3;n y del alineamiento del dominio p&#xFA;blico - 27. De los bienes que integran el dominio p&#xFA;blico - 28. Responsabiblidad Aquiliana del Estado por hechos y actos administrativos - 29. Responsabilidad civil de los funcionarios p&#xFA;blicos - 30. Responsabilidad del Estado por actos legislativos y judiciales - 31. Situaciones jur&#xED;dicas subjetivas - 32. El control de la administraci&#xF3;n - 33. Procedimiento administrativo - 34. El control administrativo. Los recursos administrativos - 35. De los recursos en particular. El recurso de reconsideraci&#xF3;n - 36. El recurso jer&#xE1;rquico - 37. Otros recursos - 38. Reclamaci&#xF3;n administrativa previa  </subfield>
  </datafield>
  <datafield tag="041" ind1=" " ind2=" ">
    <subfield code="a">spa</subfield>
  </datafield>
  <datafield tag="942" ind1=" " ind2=" ">
    <subfield code="c">BK</subfield>
  </datafield>
  <datafield tag="590" ind1=" " ind2=" ">
    <subfield code="a">niveau_biblio:m niveau_hierar:0</subfield>
  </datafield>
  <datafield tag="100" ind1="1" ind2=" ">
    <subfield code="a">Diez, Manuel Mar&#xED;a</subfield>
  </datafield>
  <datafield tag="700" ind1="1" ind2=" ">
    <subfield code="a">Hutchinson, Tom&#xE1;s A.</subfield>
  </datafield>
  <datafield tag="856" ind1="4" ind2="1">
    <subfield code="u">https://biblioeco.unsa.edu.ar/pmb/images/libros/L85532.jpg</subfield>
    <subfield code="y">Imagen de portada</subfield>
    <subfield code="q">image/jpeg</subfield>
  </datafield>
  <datafield tag="999" ind1=" " ind2=" ">
    <subfield code="c">550</subfield>
    <subfield code="d">550</subfield>
  </datafield>
  <datafield tag="952" ind1=" " ind2=" ">
    <subfield code="0">0</subfield>
    <subfield code="1">0</subfield>
    <subfield code="4">0</subfield>
    <subfield code="7">0</subfield>
    <subfield code="a">BCEJYS</subfield>
    <subfield code="b">BCEJYS</subfield>
    <subfield code="c">16</subfield>
    <subfield code="d">2026-04-07</subfield>
    <subfield code="l">0</subfield>
    <subfield code="o">342.9 D568 v.2 6ed.</subfield>
    <subfield code="p">L70064</subfield>
    <subfield code="r">2026-04-07 15:54:44</subfield>
    <subfield code="w">2026-04-07</subfield>
    <subfield code="y">L</subfield>
  </datafield>
  <datafield tag="952" ind1=" " ind2=" ">
    <subfield code="0">0</subfield>
    <subfield code="1">0</subfield>
    <subfield code="4">0</subfield>
    <subfield code="7">0</subfield>
    <subfield code="a">BCEJYS</subfield>
    <subfield code="b">BCEJYS</subfield>
    <subfield code="c">16</subfield>
    <subfield code="d">2026-04-07</subfield>
    <subfield code="l">0</subfield>
    <subfield code="o">342.9 D568 v.2 6ed.</subfield>
    <subfield code="p">L70065</subfield>
    <subfield code="r">2026-04-07 15:54:44</subfield>
    <subfield code="w">2026-04-07</subfield>
    <subfield code="y">L</subfield>
  </datafield>
</record>
